| 000 | 00751nam a22001817a 4500 | ||
|---|---|---|---|
| 003 | BD-DhUL | ||
| 005 | 20170306160116.0 | ||
| 008 | 170306b1925 II a|||| |||| 00| 0 B d | ||
| 040 |
_aBD-DhUL _cBD-DhUL |
||
| 082 |
_a891.449 _bKAK |
||
| 100 | 1 | _aবন্দোপাধ্যায়, চারুচন্দ্র | |
| 245 | 1 | 0 |
_aকবি কঙ্কন চন্ডী : _bপ্রথম ভাগ / _cচারুচন্দ্র বন্দোপাধ্যায় |
| 260 |
_aকলিকাতা : _bইউনিভার্সিটি, _c১৯২৫. |
||
| 300 |
_a৬০৩ পৃষ্ঠা, [৬১]পৃষ্ঠা ; _c৩৫ সেমি. |
||
| 650 | 4 | _aপদাবলী | |
| 650 | 4 | _aCandor | |
| 942 |
_2ddc _cREF |
||
| 999 |
_c160184 _d160184 |
||